| 000 | 00357nam a2200121Ia 4500 | ||
|---|---|---|---|
| 008 | 220204s9999 xx 000 0 und d | ||
| 082 |
_a678.065:678.01 _bGLE |
||
| 100 | _aBowers, P A | ||
| 245 | 0 | _aTire testing for rolling resistance and fuel economy | |
| 260 |
_aWarrendale _bSociety of automotive engineers _c1975 |
||
| 700 | _aGlemming, D A | ||
| 942 | _cBK | ||
| 999 |
_c43781 _d43781 |
||